Tomáš a Alica objavujú more

Bibliographic Details
Main Author: Marlier, Marcel, 1930-2011 (Author, Illustrator)
Other Authors: Bábiková, Marta (Translator)
Format: Book
Language:Slovak
French
PhysicalDescription:64 s. ilustrácie 25 cm
Published: Bratislava Slovart Junior 1994
ISBN:807146144X
Edition:[1. vyd.]
Subjects:

MARC

LEADER 00000cam a2200000 a 4500
001 vtls001074533
003 SK-MaSNL
005 20260301111042.0
008 240606s1994 xo a b 0000j slo
015 |a SNBA1994/03 
020 |a 807146144X 
035 |a SNK000017365 
040 |a SNK  |b slo  |c SNK  |e AACR2 
041 1 |a slo  |h fre 
044 |a xo  |c SK 
080 |a 840 (493)-3(087.5)  |2 1981 
080 |a 82-93-053.4/.5  |2 2011 
100 1 |a Marlier, Marcel,  |d 1930-2011  |4 aut  |9 218892 
245 1 0 |a Tomáš a Alica objavujú more  |c text a ilustrace Marcel Marlier ; překlad Marta Bábiková 
250 |a [1. vyd.] 
260 |a Bratislava  |b Slovart Junior  |c 1994 
300 |a 64 s.  |b ilustrácie  |c 25 cm 
500 |a Preložené pravdepodobne z francúžštiny 
655 7 |a belgické príbehy (francúzsky)  |2 SNKPH  |9 380412 
655 7 |a literatúra pre deti  |2 SNKPH  |9 87135 
700 1 |a Bábiková, Marta  |4 trl  |9 10805 
700 1 |a Marlier, Marcel,  |d 1930-2011  |4 ill  |9 218892 
852 |a Slovenská národná knižnica 
919 |a 80-7146-144-X 
954 |a beletria cudzojazyčná (svetová)  |2 lita 
958 |a LX 
958 |a DB 
958 |a TL 
958 |a UP 
958 |a NS 
968 |b FR 
999 |c 705267  |d 707197 
952 |a SNK  |b SNK  |y PREZ  |7 0  |p 17A0229524  |o snkSC 85451  |i snkKSP 2782/94  |0 0  |1 0  |4 0  |d 2000-02-29  |l 0  |r 2025-08-27 00:00:00  |w 2026-02-23